| 000 | 00996nam a2200301 i 4500 | ||
|---|---|---|---|
| 001 | 19410 | ||
| 003 | ES-MaACL | ||
| 005 | 20250828102637.0 | ||
| 007 | t| | ||
| 008 | 020716s2001 sp |||| | spa j | ||
| 020 | _a84-7432-757-1 | ||
| 080 | _a378(73) | ||
| 080 | _a378(410) | ||
| 100 | 1 |
_aBecher, Tony. _926904 |
|
| 245 | 1 | 0 |
_aTribus y territorios académicos _b: la indagación intelectual y las culturas de las disciplinas / _cTony Becher ; [traducción, Andrea Menegotto]. |
| 250 | _a1ª ed. | ||
| 260 |
_aBarcelona : _bGedisa, _c2001. |
||
| 300 |
_a253 p ; _c23 cm. |
||
| 490 | 1 |
_aBiblioteca de educación. Educación superior ; _v1 |
|
| 500 | _aÍndice. | ||
| 504 | _aBibliografía: p. 237-247. | ||
| 650 | 4 |
_aEnseñanza- _zEstados Unidos. _912289 |
|
| 650 | 4 |
_aEnseñanza- _zGran Bretaña. _9151700 |
|
| 700 | 1 |
_aMenegotto, Andrea. _980277 |
|
| 830 | 0 | 0 |
_aBiblioteca de educación (Gedisa) _v1 _9228884 |
| 852 |
_aES-MaACL _jL-25828 |
||
| 999 |
_c19410 _d19410 |
||